| 000 | 00525nam a2200193 a 4500 | ||
|---|---|---|---|
| 005 | 20210219152858.0 | ||
| 008 | 991125n 000 0 u | ||
| 035 | _aUPN01000064845 | ||
| 100 | 1 | _aLabrecque, Candida | |
| 222 | _aGRADE TEACHER | ||
| 245 | _aArt in the classroom : pictures motivate creative writing | ||
| 300 | _a91-96 | ||
| 362 | 0 | _a1968 Vol. 85, no. 6, feb. | |
| 653 | 0 | _aARTES PLASTICAS | |
| 653 | 0 | _aEDUCACION ARTISTICA | |
| 653 | 0 | _aEXPRESION ESCRITA | |
| 904 |
_aAC _b002656 |
||
| 905 | _aArticulo | ||
| 999 |
_c62768 _d62768 |
||